00601nam a22002051 450000100060000000300080000600500170001400800390003103500190007003500190008904000400010804100080014808200260015610000430018224500360022526000440026130000210030550400200032665000490034625410BD-RjUL20211209050857.0140318s1945 enk 001 0 eng a(BD-RjUL)25480 a(OCoLC)2013051 aDLCcGStGdOCoLCdDLCdBD-RjULbeng aeng00a940.5421428bDID 19451 aDivine, A. D.q(Arthur Durham),d1904-10aDunkirk /cA. D. Divine, D.S.M. aLondon :bFaber & Faber limited,c1945. a307 p. ;c22 cm. aIncludes index. 0aDunkirk, Battle of, Dunkerque, France, 1940.